[Event "DRAGOMANOV FIT 2025-MASTERS Blitz"]
[Site "Kyiv"]
[Date "2025.10.05"]
[Round "5.9"]
[White "Diak, Hryhorii"]
[Black "Anatskiy, Alexey"]
[Result "1-0"]
[WhiteElo "1991"]
[BlackElo "1841"]
[Annotator "Prohorov,Olexandr"]
[PlyCount "61"]
[EventDate "2025.12.05"]
[EventType "swiss (blitz)"]
[EventRounds "9"]
[EventCountry "UKR"]

1. d4 d5 2. Nf3 c6 3. e3 Nf6 4. c4 Bg4 5. Nc3 Bxf3 6. Qxf3 e6 7. Bd3 g6 8. e4
dxe4 9. Nxe4 Nxe4 10. Qxe4 Bg7 11. Be3 Qa5+ 12. Kf1 O-O 13. h4 Nd7 14. h5 Nf6
15. Qf3 Rfd8 16. hxg6 hxg6 17. g4 c5 18. Bg5 Rxd4 19. Bxf6 Rxd3 20. Qxb7 Rad8
21. Bxg7 Kxg7 22. Kg2 Qd2 23. Rh7+ Kf6 24. Rxf7+ Kg5 25. Qe7+ Kxg4 26. Qxe6+
Kg5 27. Qe5+ Kg4 28. Rf6 Qh6 29. Qe4+ Kg5 30. Qf4+ Kh5 31. Rh1+ 1-0

[Event "DRAGOMANOV FIT 2025-MASTERS Blitz"]
[Site "Kyiv"]
[Date "2025.10.05"]
[Round "5.10"]
[White "Rodin, Alexey"]
[Black "Romanov, Vladimir"]
[Result "0-1"]
[WhiteElo "1931"]
[BlackElo "1993"]
[PlyCount "44"]
[EventDate "2025.12.05"]
[EventType "swiss (blitz)"]
[EventRounds "9"]
[EventCountry "UKR"]

1. e4 e5 2. Nf3 Nc6 3. Bc4 Bc5 4. d4 Bxd4 5. Nxd4 Nxd4 6. Be3 Qf6 7. O-O Ne6 8.
Nc3 c6 9. Qd6 Nf4 10. Qc7 Ne7 11. g3 Nh3+ 12. Kg2 O-O 13. f4 exf4 14. gxf4 d5
15. exd5 cxd5 16. Nxd5 Nxd5 17. Bxd5 Bf5 18. Qe5 Qg6+ 19. Kh1 Rae8 20. Qd4 Rd8
21. c4 Rxd5 22. cxd5 Be4+ 0-1

[Event "DRAGOMANOV FIT 2025-MASTERS Blitz"]
[Site "Kyiv"]
[Date "2025.10.05"]
[Round "6.2"]
[White "Herasymenko, Maksym"]
[Black "Grebeniuk, Semen"]
[Result "0-1"]
[WhiteElo "2187"]
[BlackElo "2200"]
[PlyCount "116"]
[EventDate "2025.12.05"]
[EventType "swiss (blitz)"]
[EventRounds "9"]
[EventCountry "UKR"]

1. d4 f5 2. g3 Nf6 3. Bg2 d6 4. c4 g6 5. Nc3 Bg7 6. Nh3 O-O 7. O-O Nc6 8. Bg5
h6 9. Bxf6 Bxf6 10. e3 e5 11. dxe5 dxe5 12. Qxd8 Bxd8 13. Rfd1 e4 14. Nf4 Ne5
15. b3 g5 16. Nfe2 c6 17. h3 Ba5 18. Rd6 Kg7 19. Rad1 Bb4 20. Rd8 Be6 21. Rxa8
Rxa8 22. g4 fxg4 23. hxg4 Bxg4 24. Rd4 Bf3 25. Kf1 Bc5 26. Rd2 Rf8 27. Rc2 Nd3
28. Bxf3 Rxf3 29. Nxe4 Bxe3 30. Ng1 Rf7 31. Ke2 Bxf2 32. Nxf2 Nxf2 33. Nf3 Ne4
34. c5 g4 35. Nd4 Rf2+ 36. Ke3 Rxc2 37. Nxc2 Nxc5 38. Kf4 h5 39. Ne3 Kg6 40.
Nf5 Ne6+ 41. Ke5 Nc5 42. Kf4 a5 43. Ne7+ Kf6 44. Ng8+ Ke6 45. Nh6 Nd3+ 46. Kg5
g3 47. Nf5 g2 48. Nd4+ Kd5 49. Ne2 Ke4 50. Kxh5 Kf3 51. Ng1+ Kg3 52. Kg5 Nc1
53. Kf5 Nxa2 54. Ke4 Nc1 55. Ke3 Nxb3 56. Ne2+ Kh2 57. Kf2 Nd4 58. Ng1 a4 0-1

[Event "DRAGOMANOV FIT 2025-MASTERS Blitz"]
[Site "Kyiv"]
[Date "2025.10.05"]
[Round "6.3"]
[White "Stavroyany, Sergey"]
[Black "Zhukovskyi, Myhaylo"]
[Result "1-0"]
[WhiteElo "2215"]
[BlackElo "2237"]
[PlyCount "67"]
[EventDate "2025.12.05"]
[EventType "swiss (blitz)"]
[EventRounds "9"]
[EventCountry "UKR"]

1. Nf3 Nf6 2. g3 d5 3. Bg2 c5 4. O-O Nc6 5. d3 e5 6. Nbd2 Be7 7. e4 dxe4 8.
dxe4 O-O 9. c3 h6 10. Qc2 Be6 11. b3 Qc7 12. Re1 Rfd8 13. Bf1 Rd7 14. Nh4 Rad8
15. Nf5 Bxf5 16. exf5 a6 17. a4 Nd5 18. Ne4 Bf8 19. Ba3 Nf6 20. Nxf6+ gxf6 21.
Rad1 Ne7 22. Rxd7 Qxd7 23. Bxc5 Qxf5 24. Qc1 Kg7 25. Bg2 Rd7 26. b4 Qe6 27. a5
h5 28. h4 Nf5 29. Bxf8+ Kxf8 30. Bh3 e4 31. Qf4 Rd5 32. Rxe4 Qd7 33. Kg2 Kg7
34. c4 1-0

[Event "DRAGOMANOV FIT 2025-MASTERS Blitz"]
[Site "Kyiv"]
[Date "2025.10.05"]
[Round "6.4"]
[White "Alexikov, Alexander"]
[Black "Mikhalsky, Vladimir"]
[Result "1-0"]
[WhiteElo "2134"]
[BlackElo "2259"]
[PlyCount "81"]
[EventDate "2025.12.05"]
[EventType "swiss (blitz)"]
[EventRounds "9"]
[EventCountry "UKR"]

1. e4 g6 2. d4 Bg7 3. c4 d6 4. Nc3 Nf6 5. f3 O-O 6. Be3 Nc6 7. Qd2 Re8 8. Nge2
a6 9. O-O-O b5 10. c5 b4 11. Nd5 Rb8 12. Kb1 a5 13. Bh6 Bh8 14. h4 e6 15. Ne3
a4 16. Bg5 Ne7 17. h5 a3 18. hxg6 fxg6 19. cxd6 cxd6 20. b3 Rf8 21. Nc1 Qc7 22.
Nd3 Nc6 23. Rc1 Qb6 24. Nc4 Qc7 25. e5 dxe5 26. Ncxe5 Bb7 27. Nxb4 Ne4 28. fxe4
Bxe5 29. dxe5 Qxe5 30. Nxc6 Bxc6 31. Rxc6 Rbc8 32. Rxc8 Rxc8 33. Bc4 Qxe4+ 34.
Qc2 Qe5 35. Bd2 Rd8 36. Bc3 Qf4 37. Re1 Rf8 38. Qe2 Qf5+ 39. Ka1 Re8 40. Bxe6+
Rxe6 41. Qxe6+ 1-0

[Event "DRAGOMANOV FIT 2025-MASTERS Blitz"]
[Site "Kyiv"]
[Date "2025.10.05"]
[Round "6.5"]
[White "Mikhaletz, Lubomir"]
[Black "Zhukovskyi, Oleksandr"]
[Result "0-1"]
[WhiteElo "2074"]
[BlackElo "2120"]
[PlyCount "75"]
[EventDate "2025.12.05"]
[EventType "swiss (blitz)"]
[EventRounds "9"]
[EventCountry "UKR"]

1. d4 Nf6 2. Bg5 d5 3. Bxf6 gxf6 4. e3 e5 5. Nf3 Nc6 6. Bb5 Bd6 7. c4 a6 8.
Bxc6+ bxc6 9. c5 Be7 10. dxe5 Bxc5 11. Qc2 Bb4+ 12. Nbd2 Bd7 13. a3 Be7 14.
exf6 Bxf6 15. Nb3 O-O 16. Nc5 Rb8 17. Rb1 Qc8 18. Nxd7 Qxd7 19. O-O Rb6 20. b4
Re8 21. Rbc1 Qg4 22. h3 Qh5 23. Qd3 Bb2 24. Rc2 Bf6 25. Rfc1 Re6 26. Nd4 Bxd4
27. Qxd4 Qg5 28. f4 Qg3 29. Rc3 a5 30. f5 Re4 31. Qf6 Rxe3 32. Rxc6 Rxc6 33.
Qxc6 Re2 34. Qxd5 Qe3+ 35. Kh2 Qf4+ 36. Kg1 Qxc1+ 37. Kh2 Qf4+ 38. Kg1 0-1

[Event "DRAGOMANOV FIT 2025-MASTERS Blitz"]
[Site "Kyiv"]
[Date "2025.10.05"]
[Round "6.6"]
[White "Yevdokymov, Maksym"]
[Black "Bagiryan, Vigen"]
[Result "1/2-1/2"]
[WhiteElo "2177"]
[BlackElo "2151"]
[PlyCount "78"]
[EventDate "2025.12.05"]
[EventType "swiss (blitz)"]
[EventRounds "9"]
[EventCountry "UKR"]

1. e4 g6 2. d4 Bg7 3. Nc3 c6 4. f4 d6 5. Nf3 Bg4 6. Be2 Qb6 7. e5 Nh6 8. h3
Bxf3 9. Bxf3 Nf5 10. Ne2 dxe5 11. fxe5 e6 12. c3 h5 13. Qb3 Na6 14. Bg5 Nc7 15.
O-O-O Bh6 16. Bxh6 Rxh6 17. g4 Ne3 18. Rd3 Ned5 19. gxh5 gxh5 20. Rg1 O-O-O 21.
Rg7 f6 22. Qxb6 axb6 23. exf6 Nxf6 24. Nf4 h4 25. Re3 Nfd5 26. Nxd5 cxd5 27.
Rf7 Rd7 28. Rf4 Re7 29. Bg4 Kd7 30. Rf8 Kd6 31. Rb8 Kc6 32. Rf8 Kd6 33. Kc2 b5
34. a3 Re8 35. Rxe8 Nxe8 36. Rf3 Ke7 37. Re3 Nd6 38. Kb3 Nc4 39. Re2 Kd6
1/2-1/2

[Event "DRAGOMANOV FIT 2025-MASTERS Blitz"]
[Site "Kyiv"]
[Date "2025.10.05"]
[Round "6.7"]
[White "Kovalenko, Maksym"]
[Black "Diak, Hryhorii"]
[Result "1-0"]
[WhiteElo "2034"]
[BlackElo "1991"]
[PlyCount "109"]
[EventDate "2025.12.05"]
[EventType "swiss (blitz)"]
[EventRounds "9"]
[EventCountry "UKR"]

1. d4 Nf6 2. c4 e6 3. Nc3 d5 4. Nf3 Be7 5. Bf4 O-O 6. e3 a6 7. Be2 dxc4 8. Bxc4
b5 9. Bb3 Bb7 10. O-O c5 11. Rc1 Nbd7 12. Qe2 c4 13. Bc2 Re8 14. a3 Nf8 15. Ne5
Ng6 16. Bg3 Bd6 17. f4 Qb6 18. Kh1 Rac8 19. Rcd1 a5 20. e4 b4 21. axb4 axb4 22.
Nxg6 hxg6 23. e5 bxc3 24. bxc3 Nd5 25. Rb1 Nxc3 26. Rxb6 Nxe2 27. Rxb7 Nxg3+
28. hxg3 Ba3 29. g4 Red8 30. f5 exf5 31. gxf5 Rxd4 32. g3 gxf5 33. Rxf5 Rf8 34.
Rh5 g6 35. Rg5 Kh8 36. e6 fxe6 37. Bxg6 Rd1+ 38. Kg2 Rd2+ 39. Kh3 Rff2 40. Ra5
Rh2+ 41. Kg4 Bf8 42. Ra8 Rhf2 43. Bf7 Kg7 44. Bxe6+ Kg6 45. Ra6 Rd4+ 46. Kh3
Rf6 47. Bxc4 Rxa6 48. Bxa6 Bd6 49. Rb3 Kf5 50. Bd3+ Kg5 51. Be2 Rd2 52. Bf3 Rf2
53. Rb5+ Kg6 54. Kg4 Rf1 55. Rb6 1-0

[Event "DRAGOMANOV FIT 2025-MASTERS Blitz"]
[Site "Kyiv"]
[Date "2025.10.05"]
[Round "6.8"]
[White "Vashchenko, Illia"]
[Black "Nykonenko, Maksym"]
[Result "1-0"]
[WhiteElo "1918"]
[BlackElo "1954"]
[PlyCount "59"]
[EventDate "2025.12.05"]
[EventType "swiss (blitz)"]
[EventRounds "9"]
[EventCountry "UKR"]

1. e4 e6 2. d4 d5 3. Nd2 dxe4 4. Nxe4 Nd7 5. Nf3 Ngf6 6. Nxf6+ Nxf6 7. g3 c5 8.
Bg2 cxd4 9. Qxd4 Qxd4 10. Nxd4 Bc5 11. Nb3 Bb6 12. Bf4 O-O 13. c4 Nd7 14. Bd6
Re8 15. c5 Bd8 16. c6 bxc6 17. Bxc6 Nb6 18. Bxe8 Ba6 19. Nc5 Bc4 20. Bc6 Rc8
21. Bb7 Bd5 22. Bxc8 Bxh1 23. Bb7 Bxb7 24. Nxb7 Bf6 25. O-O-O g5 26. f4 Nc4 27.
Be5 Be7 28. Rd7 Kf8 29. Rc7 Ne3 30. Rc8+ 1-0

[Event "DRAGOMANOV FIT 2025-MASTERS Blitz"]
[Site "Kyiv"]
[Date "2025.10.05"]
[Round "6.9"]
[White "Rudchenko, Oleksandr"]
[Black "Rodin, Alexey"]
[Result "1-0"]
[WhiteElo "2123"]
[BlackElo "1931"]
[PlyCount "73"]
[EventDate "2025.12.05"]
[EventType "swiss (blitz)"]
[EventRounds "9"]
[EventCountry "UKR"]

1. Nf3 Nf6 2. c4 e6 3. g3 b6 4. Bg2 Bb7 5. O-O Be7 6. b3 O-O 7. Bb2 d5 8. e3 c5
9. Qe2 Nbd7 10. Nc3 Rc8 11. Rad1 a6 12. d3 Qc7 13. Ne1 dxc4 14. bxc4 Bxg2 15.
Nxg2 Rfd8 16. f4 Nb8 17. f5 Nc6 18. fxe6 fxe6 19. Nf4 Qd7 20. Qg2 Bd6 21. Qh3
Bxf4 22. Rxf4 e5 23. Qxd7 Rxd7 24. Rf2 e4 25. Rxf6 gxf6 26. Nxe4 Re7 27. Nxf6+
Kf7 28. Rf1 Ke6 29. Rf4 Rf7 30. Re4+ Kf5 31. Nd5 b5 32. Kg2 Rb8 33. g4+ Kg6 34.
Nf4+ Kg5 35. Kg3 bxc4 36. h4+ Kh6 37. g5# 1-0

[Event "DRAGOMANOV FIT 2025-MASTERS Blitz"]
[Site "Kyiv"]
[Date "2025.10.05"]
[Round "6.10"]
[White "Anatskiy, Alexey"]
[Black "Romanov, Vladimir"]
[Result "0-1"]
[WhiteElo "1841"]
[BlackElo "1993"]
[PlyCount "124"]
[EventDate "2025.12.05"]
[EventType "swiss (blitz)"]
[EventRounds "9"]
[EventCountry "UKR"]

1. d4 d5 2. Bg5 c6 3. c3 Bf5 4. Nf3 Nd7 5. e3 Qb6 6. Qb3 e6 7. Nbd2 Bd6 8. Be2
f6 9. Bh4 Nh6 10. Bg3 Nf7 11. Nh4 Bg6 12. Qxb6 axb6 13. Bxd6 Nxd6 14. Nxg6 hxg6
15. h3 Kf7 16. O-O Rh4 17. Nf3 Rh6 18. Nh2 f5 19. Rfe1 g5 20. f3 Nf6 21. Kf2
Rhh8 22. a3 b5 23. Rac1 Nc4 24. Bxc4 bxc4 25. Nf1 g4 26. hxg4 fxg4 27. Nd2 Rh4
28. Rh1 Rah8 29. Rxh4 Rxh4 30. Kg3 g5 31. b3 cxb3 32. Nxb3 Nh5+ 33. Kf2 g3+ 34.
Kg1 Nf6 35. Nc5 Rh8 36. Rb1 b5 37. a4 Ra8 38. Ra1 Ra5 39. Kf1 Ke7 40. Ke2 Nd7
41. Nxd7 Kxd7 42. Kd2 bxa4 43. Kc2 c5 44. Kb2 Kc6 45. Ka3 Kb5 46. e4 cxd4 47.
cxd4 Kc4 48. exd5 exd5 49. f4 gxf4 50. Rf1 Kxd4 51. Rxf4+ Ke3 52. Rf3+ Ke2 53.
Rxg3 d4 54. Rg8 d3 55. Re8+ Kf2 56. Rd8 Ke3 57. Re8+ Kd4 58. Re1 d2 59. Rd1 Kd3
60. Kb4 Ra8 61. g4 Ke2 62. Rh1 d1=Q 0-1

[Event "DRAGOMANOV FIT 2025-MASTERS Blitz"]
[Site "Kyiv"]
[Date "2025.10.05"]
[Round "7.1"]
[White "Stavroyany, Sergey"]
[Black "Podolskyi, Mykhailo"]
[Result "0-1"]
[WhiteElo "2215"]
[BlackElo "2272"]
[PlyCount "58"]
[EventDate "2025.12.05"]
[EventType "swiss (blitz)"]
[EventRounds "9"]
[EventCountry "UKR"]

1. Nf3 d5 2. g3 Nf6 3. Bg2 c6 4. O-O Bf5 5. d3 h6 6. Nbd2 e6 7. b3 Be7 8. Bb2
O-O 9. Ne5 Nbd7 10. e4 dxe4 11. dxe4 Bh7 12. Qe2 Qc7 13. Ndc4 Rad8 14. a4 b5
15. Nxd7 Nxd7 16. axb5 cxb5 17. Na5 Qb6 18. e5 Rc8 19. c4 bxc4 20. bxc4 Nc5 21.
Rfd1 Nd3 22. Bc3 Rfd8 23. Rab1 Qc5 24. Nb7 Qxc4 25. Nxd8 Qxc3 26. Nc6 Bc5 27.
Rb7 Nxf2 28. Ne7+ Bxe7 29. Qxf2 Bc5 0-1

[Event "DRAGOMANOV FIT 2025-MASTERS Blitz"]
[Site "Kyiv"]
[Date "2025.10.05"]
[Round "7.2"]
[White "Grebeniuk, Semen"]
[Black "Alexikov, Alexander"]
[Result "1-0"]
[WhiteElo "2200"]
[BlackElo "2134"]
[PlyCount "119"]
[EventDate "2025.12.05"]
[EventType "swiss (blitz)"]
[EventRounds "9"]
[EventCountry "UKR"]

1. d4 Nf6 2. Nf3 g6 3. Bg5 Bg7 4. c3 h6 5. Bh4 d6 6. Nbd2 Nbd7 7. e4 e5 8. dxe5
dxe5 9. Be2 O-O 10. O-O Re8 11. Re1 Qe7 12. Qc2 Qf8 13. a4 Nh5 14. Bf1 Nf4 15.
Nc4 g5 16. Bg3 Kh7 17. Ne3 Nf6 18. Nd2 Be6 19. a5 a6 20. Ndc4 N6h5 21. b4 c6
22. Nf5 f6 23. Ncd6 Reb8 24. Rad1 Ng6 25. Bc4 Qg8 26. Qb3 Bxc4 27. Qxc4 Qxc4
28. Nxc4 Rd8 29. f3 Nxg3 30. hxg3 Bf8 31. Kf1 c5 32. Nb6 Rab8 33. Nd5 Bg7 34.
Ke2 Rdc8 35. Rh1 cxb4 36. cxb4 Rc2+ 37. Rd2 Rbc8 38. Nxf6+ Bxf6 39. Rxh6+ Kg8
40. Rxg6+ Kf7 41. Rh6 Ke6 42. Rh7 Rxd2+ 43. Kxd2 Rb8 44. Kc3 g4 45. Ne3 gxf3
46. gxf3 b6 47. Nd5 bxa5 48. bxa5 Bd8 49. Rh6+ Kd7 50. Rxa6 Rb1 51. Ra7+ Kc6
52. a6 Rf1 53. f4 Rf3+ 54. Kc4 Rxg3 55. fxe5 Rg4 56. Kd4 Bb6+ 57. Nxb6 Kxb6 58.
Ra8 Rg1 59. e6 Kc6 60. e7 1-0

[Event "DRAGOMANOV FIT 2025-MASTERS Blitz"]
[Site "Kyiv"]
[Date "2025.10.05"]
[Round "7.3"]
[White "Maly, Alexey"]
[Black "Herasymenko, Maksym"]
[Result "1/2-1/2"]
[WhiteElo "2297"]
[BlackElo "2187"]
[PlyCount "27"]
[EventDate "2025.12.05"]
[EventType "swiss (blitz)"]
[EventRounds "9"]
[EventCountry "UKR"]

1. d4 d5 2. c4 c6 3. e3 Nf6 4. Bd3 e6 5. Nd2 Nbd7 6. Ngf3 Bd6 7. O-O O-O 8. e4
e5 9. cxd5 cxd5 10. exd5 exd4 11. Ne4 Nxe4 12. Bxe4 Nf6 13. Qxd4 Nxe4 14. Qxe4
1/2-1/2

[Event "DRAGOMANOV FIT 2025-MASTERS Blitz"]
[Site "Kyiv"]
[Date "2025.10.05"]
[Round "7.4"]
[White "Zhukovskyi, Oleksandr"]
[Black "Kovalenko, Maksym"]
[Result "0-1"]
[WhiteElo "2120"]
[BlackElo "2034"]
[PlyCount "74"]
[EventDate "2025.12.05"]
[EventType "swiss (blitz)"]
[EventRounds "9"]
[EventCountry "UKR"]

1. Nf3 d5 2. b3 Nf6 3. Bb2 c5 4. e3 Nc6 5. c4 Bg4 6. cxd5 Qxd5 7. Nc3 Qh5 8.
Be2 e6 9. Nb5 Rc8 10. Bxf6 gxf6 11. Nfd4 Bxe2 12. Qxe2 Qxe2+ 13. Nxe2 a6 14.
Nbc3 Nb4 15. O-O Nd3 16. Nc1 Ne5 17. f4 Nc6 18. Kf2 f5 19. Nd3 Be7 20. Ke2 f6
21. Na4 Na5 22. Rac1 c4 23. Ndb2 b5 24. Nc3 Ba3 25. Rb1 cxb3 26. axb3 Nxb3 27.
Nd3 Nc5 28. Ra1 Nxd3 29. Rxa3 Nc5 30. d4 b4 31. Ra2 bxc3 32. dxc5 Rxc5 33. Rxa6
Kf7 34. Rc1 Rb8 35. Ra2 Rb2+ 36. Rc2 Rxa2 37. Rxa2 c2 0-1

[Event "DRAGOMANOV FIT 2025-MASTERS Blitz"]
[Site "Kyiv"]
[Date "2025.10.05"]
[Round "7.5"]
[White "Mikhalsky, Vladimir"]
[Black "Rudchenko, Oleksandr"]
[Result "0-1"]
[WhiteElo "2259"]
[BlackElo "2123"]
[PlyCount "92"]
[EventDate "2025.12.05"]
[EventType "swiss (blitz)"]
[EventRounds "9"]
[EventCountry "UKR"]

1. d4 Nf6 2. Nc3 d5 3. Bf4 e6 4. Nb5 Na6 5. e3 c6 6. Nc3 b5 7. Nf3 Bd6 8. Ne5
Bb7 9. h4 Qe7 10. Bd3 Nb4 11. Be2 Nd7 12. a3 Na6 13. h5 f6 14. Nxd7 Bxf4 15.
exf4 Qxd7 16. h6 g6 17. Bg4 Nc7 18. Qf3 O-O 19. Nd1 Ne8 20. Qh3 f5 21. Be2 Nf6
22. f3 Qd6 23. g3 c5 24. c3 a5 25. Ne3 cxd4 26. cxd4 Qb6 27. Rd1 b4 28. Kf2 Ba6
29. Rhe1 Rac8 30. Qh4 bxa3 31. bxa3 Rc3 32. Bxa6 Qxa6 33. Rc1 Qc6 34. Rxc3 Qxc3
35. Rd1 Kf7 36. Qh1 Rb8 37. Qe1 Rb2+ 38. Kf1 Qxa3 39. Rc1 Qd3+ 40. Kg1 Re2 41.
Rc7+ Kf8 42. Rc8+ Ke7 43. Rc7+ Nd7 44. Rxd7+ Kxd7 45. Qf1 Qxe3+ 46. Kh1 Re1 0-1

[Event "DRAGOMANOV FIT 2025-MASTERS Blitz"]
[Site "Kyiv"]
[Date "2025.10.05"]
[Round "7.6"]
[White "Zhukovskyi, Myhaylo"]
[Black "Vashchenko, Illia"]
[Result "1-0"]
[WhiteElo "2237"]
[BlackElo "1918"]
[PlyCount "79"]
[EventDate "2025.12.05"]
[EventType "swiss (blitz)"]
[EventRounds "9"]
[EventCountry "UKR"]

1. Nf3 d5 2. g3 c5 3. Bg2 Nc6 4. d4 Nf6 5. O-O Qb6 6. dxc5 Qxc5 7. Nbd2 e5 8.
Nb3 Qd6 9. c3 Be6 10. Ng5 Bf5 11. Re1 h6 12. e4 Bg4 13. Nf3 dxe4 14. Qxd6 Bxd6
15. Nfd2 O-O 16. Nxe4 Nxe4 17. Bxe4 Rad8 18. Be3 Bb8 19. Bg2 a6 20. Nc5 Bc8 21.
Nxa6 bxa6 22. Bxc6 Be6 23. Ba4 Bc7 24. Bc5 Bd6 25. Bxd6 Rxd6 26. Rxe5 Rd2 27.
Bb3 Bxb3 28. axb3 Rxb2 29. Rxa6 Rxb3 30. Rc6 Rd8 31. Rc7 Rd3 32. c4 Rf3 33. Kg2
Rf6 34. Re2 Rbf3 35. Rc2 Kf8 36. c5 Ke8 37. c6 Kd8 38. Ra7 Kc8 39. Re2 Kb8 40.
Rb7+ 1-0

[Event "DRAGOMANOV FIT 2025-MASTERS Blitz"]
[Site "Kyiv"]
[Date "2025.10.05"]
[Round "7.7"]
[White "Bagiryan, Vigen"]
[Black "Mikhaletz, Lubomir"]
[Result "1-0"]
[WhiteElo "2151"]
[BlackElo "2074"]
[PlyCount "81"]
[EventDate "2025.12.05"]
[EventType "swiss (blitz)"]
[EventRounds "9"]
[EventCountry "UKR"]

1. e4 Nc6 2. d4 d6 3. Nc3 Nf6 4. f3 g6 5. Be3 Bg7 6. Qd2 O-O 7. a4 e5 8. Nge2
d5 9. exd5 Nxd5 10. Nxd5 Qxd5 11. Nc3 Qd7 12. d5 Nd4 13. Bb5 c6 14. dxc6 bxc6
15. Bc4 Rb8 16. b3 Rd8 17. Rd1 Qc7 18. Bxd4 exd4 19. Ne4 Bf5 20. O-O Be5 21.
Ng3 Bxg3 22. hxg3 Qxg3 23. Rf2 Rd6 24. Re1 g5 25. Re7 Bg6 26. Rfe2 Kg7 27. Rxa7
Rf8 28. Ree7 h5 29. Re5 Kh6 30. Bd3 h4 31. Bxg6 Qxe5 32. Bxf7 h3 33. Bc4 Qe3+
34. Qxe3 dxe3 35. Bd3 Rxd3 36. cxd3 Re8 37. Rc7 e2 38. Rxc6+ Kh5 39. g4+ Kh4
40. Kh2 Rg8 41. Rh6# 1-0

[Event "DRAGOMANOV FIT 2025-MASTERS Blitz"]
[Site "Kyiv"]
[Date "2025.10.05"]
[Round "7.8"]
[White "Diak, Hryhorii"]
[Black "Yevdokymov, Maksym"]
[Result "1-0"]
[WhiteElo "1991"]
[BlackElo "2177"]
[PlyCount "68"]
[EventDate "2025.12.05"]
[EventType "swiss (blitz)"]
[EventRounds "9"]
[EventCountry "UKR"]

1. d4 d5 2. Nf3 Nf6 3. e3 Bf5 4. c4 e6 5. Nc3 c6 6. Be2 Nbd7 7. O-O Be7 8. a3
O-O 9. b4 Rc8 10. Bb2 dxc4 11. Bxc4 a5 12. Qb3 axb4 13. axb4 b5 14. Be2 Nb6 15.
Ne5 Nbd5 16. Nxd5 Nxd5 17. Bc3 Qd6 18. Ra6 f6 19. Nd3 Ra8 20. Rfa1 Rxa6 21.
Rxa6 Bxd3 22. Bxd3 Rc8 23. Bxb5 cxb5 24. Rxd6 Rxc3 25. Qxc3 Nxc3 26. Rxe6 Bxb4
27. Rb6 Ba5 28. Rb7 Bd8 29. Rb8 Kf7 30. Rxd8 b4 31. Rb8 Na2 32. Kf1 Ke6 33. Ke2
b3 34. Kd2 Kd5 1-0

[Event "DRAGOMANOV FIT 2025-MASTERS Blitz"]
[Site "Kyiv"]
[Date "2025.10.05"]
[Round "7.9"]
[White "Romanov, Vladimir"]
[Black "Nykonenko, Maksym"]
[Result "1-0"]
[WhiteElo "1993"]
[BlackElo "1954"]
[Annotator "Prohorov,Olexandr"]
[PlyCount "63"]
[EventDate "2025.12.05"]
[EventType "swiss (blitz)"]
[EventRounds "9"]
[EventCountry "UKR"]

1. e4 e6 2. d4 d5 3. e5 c5 4. c3 Nc6 5. Nf3 Qb6 6. a3 a5 7. Bd3 Bd7 8. O-O cxd4
9. cxd4 Nxd4 10. Nxd4 Qxd4 11. Nc3 Qxe5 12. Re1 Qd6 13. Nb5 Bxb5 14. Bxb5+ Kd8
15. Qf3 Nf6 16. Bf4 Qb6 17. a4 Bd6 18. Rad1 Bxf4 19. Qxf4 Ke7 20. g4 Rhd8 21.
g5 Ne4 22. Qh4 g6 23. Re3 Nd6 24. Qxh7 Nxb5 25. axb5 Qd6 26. Rf3 Rf8 27. Qg7 e5
28. Rf6 Qd7 29. f3 e4 30. Rxg6 Qf5 31. Rf6 Rg8 32. Qxf7+ 1-0

[Event "DRAGOMANOV FIT 2025-MASTERS Blitz"]
[Site "Kyiv"]
[Date "2025.10.05"]
[Round "7.10"]
[White "Rodin, Alexey"]
[Black "Anatskiy, Alexey"]
[Result "1-0"]
[WhiteElo "1931"]
[BlackElo "1841"]
[Annotator "Prohorov,Olexandr"]
[PlyCount "104"]
[EventDate "2025.12.05"]
[EventType "swiss (blitz)"]
[EventRounds "9"]
[EventCountry "UKR"]

1. e4 c6 2. Nf3 d5 3. Nc3 Bg4 4. d4 e6 5. Be2 Nf6 6. h3 Bxf3 7. Bxf3 Be7 8. O-O
dxe4 9. Nxe4 Nxe4 10. Bxe4 Nd7 11. Bf3 Nf6 12. c3 O-O 13. Qb3 Qb6 14. Bg5 Rfd8
15. Rfd1 Rd7 16. Re1 Nd5 17. Bd2 Qxb3 18. axb3 a6 19. Rad1 Bf6 20. g3 Nc7 21.
Kg2 Rad8 22. Bf4 Nd5 23. Bc1 g6 24. Kf1 Kg7 25. Bd2 h6 26. Bc1 Ne7 27. Bf4 g5
28. Bc1 Nd5 29. Be2 Rh8 30. Bd3 Ne7 31. Bc2 Ng6 32. Rd3 Rhd8 33. Rde3 Ne7 34.
Re4 Nd5 35. Kg2 Ne7 36. f4 Ng6 37. fxg5 Bxg5 38. Rf1 Bxc1 39. Rxc1 Nf8 40. Re2
Rd5 41. Rf1 f5 42. b4 R5d6 43. Bb3 h5 44. Ref2 Kg6 45. g4 fxg4 46. hxg4 hxg4
47. Rh1 Nh7 48. Rxh7 Kxh7 49. Rf7+ Kg6 50. Rxb7 Kf5 51. Rg7 Ke4 52. Rf7 Kd3 {
...} 1-0

[Event "DRAGOMANOV FIT 2025-MASTERS Blitz"]
[Site "Kyiv"]
[Date "2025.10.05"]
[Round "8.1"]
[White "Podolskyi, Mykhailo"]
[Black "Kovalenko, Maksym"]
[Result "1/2-1/2"]
[WhiteElo "2272"]
[BlackElo "2034"]
[PlyCount "43"]
[EventDate "2025.12.05"]
[EventType "swiss (blitz)"]
[EventRounds "9"]
[EventCountry "UKR"]

1. d4 d5 2. c4 e6 3. Nc3 c6 4. e3 f5 5. Nf3 Nf6 6. Qc2 Bd6 7. Bd3 Ne4 8. b3 Bb4
9. Bb2 Qa5 10. Bxe4 fxe4 11. Ne5 O-O 12. f3 exf3 13. gxf3 Nd7 14. f4 Nxe5 15.
fxe5 Bd7 16. h4 Rf3 17. Ke2 Raf8 18. Raf1 Rxf1 19. Rxf1 Rxf1 20. Kxf1 Qd8 21.
Qf2 Bxc3 22. Bxc3 1/2-1/2

[Event "DRAGOMANOV FIT 2025-MASTERS Blitz"]
[Site "Kyiv"]
[Date "2025.10.05"]
[Round "8.2"]
[White "Grebeniuk, Semen"]
[Black "Bagiryan, Vigen"]
[Result "1/2-1/2"]
[WhiteElo "2200"]
[BlackElo "2151"]
[PlyCount "21"]
[EventDate "2025.12.05"]
[EventType "swiss (blitz)"]
[EventRounds "9"]
[EventCountry "UKR"]

1. e4 c5 2. Nf3 Nc6 3. d4 cxd4 4. Nxd4 e5 5. Nb5 d6 6. a4 a6 7. N5a3 Nf6 8. Nc3
Be7 9. Be2 Be6 10. O-O O-O 11. Bg5 1/2-1/2

[Event "DRAGOMANOV FIT 2025-MASTERS Blitz"]
[Site "Kyiv"]
[Date "2025.10.05"]
[Round "8.3"]
[White "Maly, Alexey"]
[Black "Stavroyany, Sergey"]
[Result "1/2-1/2"]
[WhiteElo "2297"]
[BlackElo "2215"]
[PlyCount "23"]
[EventDate "2025.12.05"]
[EventType "swiss (blitz)"]
[EventRounds "9"]
[EventCountry "UKR"]

1. d4 d5 2. c4 e6 3. Nf3 Nf6 4. e3 Be7 5. Nbd2 O-O 6. Bd3 b6 7. O-O Bb7 8. Qe2
Nbd7 9. e4 dxe4 10. Nxe4 Nxe4 11. Bxe4 Bxe4 12. Qxe4 1/2-1/2

[Event "DRAGOMANOV FIT 2025-MASTERS Blitz"]
[Site "Kyiv"]
[Date "2025.10.05"]
[Round "8.5"]
[White "Rudchenko, Oleksandr"]
[Black "Alexikov, Alexander"]
[Result "0-1"]
[WhiteElo "2123"]
[BlackElo "2134"]
[PlyCount "72"]
[EventDate "2025.12.05"]
[EventType "swiss (blitz)"]
[EventRounds "9"]
[EventCountry "UKR"]

1. Nf3 Nf6 2. g3 g6 3. b3 Bg7 4. Bb2 d6 5. d4 O-O 6. Bg2 Nbd7 7. O-O c6 8. c4
Qc7 9. Nc3 Re8 10. e4 e5 11. Re1 a6 12. Qd2 b5 13. cxb5 axb5 14. Rac1 Qb8 15.
dxe5 dxe5 16. Qc2 Bb7 17. Red1 Nb6 18. a3 Bf8 19. Ra1 Nc8 20. a4 bxa4 21. Nxa4
Ba6 22. Qxc6 Re6 23. Qc2 Bb7 24. Nd2 Nd6 25. Nc5 Rxa1 26. Bxa1 Qc8 27. Rc1 Re8
28. Nxb7 Qxb7 29. Nc4 Nd7 30. Rd1 Nb5 31. f4 f6 32. fxe5 Nxe5 33. Nxe5 fxe5 34.
Rd5 Qa7+ 35. Bd4 Nxd4 36. Qc4 Kh8 0-1